D. Antonii Fernandez de Otero... Tractatus de officialibus reipublicae necnon oppidorum utriusque castellae tum de eorundem electione, usu et exercitio... ; [Tractatus de Pascuis et Iure Pascendi / (Record no. 154059)
[ view plain ]
| 000 -LEADER | |
|---|---|
| campo de control de longitud fija | 01453nam a2200313 i 4500 |
| 001 - NÚMERO DE CONTROL | |
| campo de control | 154059 |
| 003 - IDENTIFICADOR DE NÚMERO DE CONTROL | |
| campo de control | ES-MaACL |
| 005 - FECHA Y HORA DE LA ÚLTIMA TRANSACCIÓN | |
| campo de control | 20250809040613.0 |
| 008 - DATOS DE LONGITUD FIJA--INFORMACIÓN GENERAL | |
| campo de control de longitud fija | 931025s1750 sz |||| | lat d |
| 100 1# - ENTRADA PRINCIPAL--NOMBRE DE PERSONA | |
| Nombre de persona | Fernández de Otero, Antonio. |
| 9 (RLIN) | 49700 |
| 245 10 - MENCIÓN DEL TÍTULO | |
| Título | D. Antonii Fernandez de Otero... Tractatus de officialibus reipublicae necnon oppidorum utriusque castellae tum de eorundem electione, usu et exercitio... ; [Tractatus de Pascuis et Iure Pascendi / |
| Mención de responsabilidad, etc. | cum notis et additionibus Vincentii Bondeni...]. |
| 250 ## - MENCION DE EDICION | |
| Mención de edición | Editio nova, auctior et accuratior. |
| 260 ## - PUBLICACIÓN, DISTRIBUCIÓN, ETC. | |
| Lugar de publicación, distribución, etc. | Coloniae Allobrogum : |
| Nombre del editor, distribuidor, etc. | apud fratres de Tournes, |
| Fecha de publicación, distribución, etc. | 1750. |
| 300 ## - DESCRIPCIÓN FÍSICA | |
| Extensión | 1 v. ([8], 226 p.; [20], 352 p.) ; |
| Dimensiones | Fol. (36 cm) |
| 594 ## - Nota al título y mención de responsabilidad | |
| Nota al título y mención de responsabilidad | Tít. en antep.: "D. Antonii Fernandez de Otero Opera Iuridica duobus tomus digesta" |
| 594 ## - Nota al título y mención de responsabilidad | |
| Nota al título y mención de responsabilidad | Segunda obra con port. y pág. propia. |
| 596 ## - NOTA AL PIE DE IMPRENTA | |
| NOTA AL PIE DE IMPRENTA | Marca tip. en port. |
| 597 ## - NOTA DE DESCRIPCIÓN FÍSICA | |
| NOTA DE DESCRIPCIÓN FÍSICA | Sign.: [parágrafo]4, A-S6, T5; ã6, e4, A-Z6, 2A-2E6, 2F8. |
| 597 ## - NOTA DE DESCRIPCIÓN FÍSICA | |
| NOTA DE DESCRIPCIÓN FÍSICA | Texto a dos col. |
| 597 ## - NOTA DE DESCRIPCIÓN FÍSICA | |
| NOTA DE DESCRIPCIÓN FÍSICA | Port. a dos tintas. |
| 650 #7 - PUNTO DE ACCESO ADICIONAL DE MATERIA--TÉRMINO DE MATERIA | |
| Término de materia o nombre geográfico como elemento de entrada | Derecho civil |
| Fuente del encabezamiento o término | embne |
| 9 (RLIN) | 11656 |
| 650 #4 - PUNTO DE ACCESO ADICIONAL DE MATERIA--TÉRMINO DE MATERIA | |
| Término de materia o nombre geográfico como elemento de entrada | Pastoreo- |
| Subdivisión de forma | Legislación- |
| Subdivisión cronológica | S.XVIII. |
| 9 (RLIN) | 155180 |
| 650 #4 - PUNTO DE ACCESO ADICIONAL DE MATERIA--TÉRMINO DE MATERIA | |
| Término de materia o nombre geográfico como elemento de entrada | Pastos- |
| Subdivisión de forma | Legislación- |
| Subdivisión cronológica | S.XVIII. |
| 9 (RLIN) | 155181 |
| 700 1# - ENTRADA AGREGADA--NOMBRE PERSONAL | |
| Nombre de persona | Bondeni, Vicente. |
| 9 (RLIN) | 126059 |
| 740 0# - ENTRADA AGREGADA--TÍTULO RELACIONADO/ANALÍTICO NO CONTROLADO | |
| Título relacionado o analítico no controlado | Tractatus de officialibus reipublicae... |
| 740 0# - ENTRADA AGREGADA--TÍTULO RELACIONADO/ANALÍTICO NO CONTROLADO | |
| Título relacionado o analítico no controlado | Tractatus de Pascuis et Iure Pascendi. |
| 852 ## - LOCALIZACIÓN | |
| Ubicación | ES-MaACL |
| Número de control de estantería | R-1531 |
| Nota libre | -- Enc. perg. |
| Encuadernación | -- Olim: G-4632 |
| Estatus retirado | Estado de pérdida | Estado de daño | No para préstamo | Colección | Biblioteca de origen | Biblioteca actual | Ubicación en estantería | Fecha de adquisición | Fuente de adquisición | Total de préstamos | Signatura topográfica completa | Código de barras | Visto por última vez | Precio de reemplazo | Tipo de ítem Koha |
|---|---|---|---|---|---|---|---|---|---|---|---|---|---|---|---|
| Libros del s. XVIII | Biblioteca del Ateneo de Madrid | Biblioteca del Ateneo de Madrid | Depósito | 17/01/2008 | R-1531 | 1161083 | 23/02/2023 | 23/02/2023 | Libro impreso antiguo |
